000 00570nam a2200181Ia 4500
008 090124s9999 xx 000 0 und d
082 _b118161
100 _aप्रभुदेसाई बाळकृष्ण वि.
245 _a आदिवासी
250 _a1
260 _c1978
300 _a120
600 _aप्रभुदेसाई बाळकृष्ण वि.
630 _a आदिवासी
700 _aप्रभुदेसाई बाळकृष्ण वि.
730 _a आदिवासी
942 _cBOOK
999 _c164248
_d164248